000 00426nam a2200181Ia 4500
001 25451
005 20260414151151.0
008 260414t2007||||xx |||||||||||||| ||spa||
041 _aESP
082 _a346.5
_bV63 2007
100 _aVidal Ramírez, Fernando
_eAUT
245 0 _aEl acto jurídico
_b
260 _c2007
300 _a574 páginas :
_c24 cm.
650 _aDER
654 _aCDE
942 _cLIB
_dJUS
_fJUS
_2ddc
_n
999 _c25451
_d25451